Best Selling Non-American Artists - Statistics

General Stats
  • This quiz has been taken 135 times
  • The average score is 12 of 29
Answer Stats
Country Sales (M) Artist % Correct
United Kingdom 600 The Beatles
98%
Sweden 150 ABBA
83%
Barbados 250 Rihanna
81%
United Kingdom 200 The Rolling Stones
79%
Ireland 150 U2
69%
Australia 200 AC/DC
67%
United Kingdom 300 Elton John
60%
Canada 200 Celine Dion
59%
United Kingdom 200 Queen
56%
Canada 140 Justin Bieber
55%
United Kingdom 100 Adele
51%
United Kingdom 300 Led Zeppelin
51%
United Kingdom 250 Pink Floyd
45%
Spain 100 Julio Iglesias
39%
United Kingdom 100 The Who
32%
United Kingdom 100 Genesis
27%
United Kingdom 150 Phil Collins
27%
United Kingdom 100 David Bowie
25%
United Kingdom 100 Paul McCartney
18%
United Kingdom 100 Dire Straits
17%
United Kingdom 138 Ed Sheeran
17%
United Kingdom 100 Fleetwood Mac
17%
United Kingdom 120 Bee Gees
16%
United Kingdom 100 Coldplay
16%
United Kingdom 100 Def Leppard
15%
United Kingdom 100 Rod Stewart
13%
United Kingdom 100 Eric Clapton
12%
Australia 100 Olivia Newton-John
12%
Japan 100 B'z
4%
No matching quizzes found
Score Distribution
Percent of People with Each Score
Percentile by Number Answered
Your Score History
You have not taken this quiz